2018-2019 NBA Statistical Leaders - Statistics

General Stats
  • This quiz has been taken 11,803 times
    11,645 since last reset
  • The average score is 22 of 44
Answer Stats
Player % Correct
LeBron James
98%
Stephen Curry
98%
James Harden
96%
Russell Westbrook
94%
Kevin Durant
90%
G. Antetokounmpo
87%
Klay Thompson
84%
Kawhi Leonard
83%
Joel Embiid
79%
Chris Paul
76%
Nikola Jokić
75%
Paul George
75%
Damian Lillard
72%
Ben Simmons
71%
Luka Dončić
71%
Rudy Gobert
68%
Andre Drummond
66%
Devin Booker
56%
Jimmy Butler
56%
Trae Young
56%
Karl-Anthony Towns
55%
Kyle Lowry
55%
DeAndre Jordan
47%
Kemba Walker
47%
Clint Capela
44%
Brook Lopez
38%
Hassan Whiteside
38%
Buddy Hield
35%
Myles Turner
35%
De'Aaron Fox
33%
Nikola Vučević
33%
D'Angelo Russell
31%
Jrue Holiday
31%
Jarrett Allen
26%
J.J. Redick
25%
JaVale McGee
22%
Mitchell Robinson
22%
Marcus Smart
20%
John Collins
15%
Montrezl Harrell
11%
Elfrid Payton
6%
Terrence Ross
4%
Willie Cauley-Stein
4%
Delon Wright
2%
No matching quizzes found
Score Distribution
Percent of People with Each Score
Percentile by Number Answered
Your Score History
You have not taken this quiz since the last reset